| 000 | 00822nam a2200217 a 4500 | ||
|---|---|---|---|
| 001 | 000040401 | ||
| 005 | 20201002034117.0 | ||
| 008 | 130823s2005 mx 000 0 spa d | ||
| 020 | _a9683690328 | ||
| 040 |
_aDO-SdBNP _bspa _cBNPHU |
||
| 100 | 1 |
_aBarajas Montes de Oca, Santiago _966703 |
|
| 245 | 1 | 0 |
_aDerechos del trabajador asalariado / _cSantiago Barajas Montes de Oca. |
| 260 |
_aMéxico : _bUniversidad Nacional Autónoma de México : _bCámara de Diputados;, _c2005. |
||
| 300 |
_a73 p. : _bil. ; _c22 cm. |
||
| 490 | 1 | _aNuestros derechos | |
| 500 | _aprimera reimpresión de la segunda edición 2005 | ||
| 500 | _aIncluye datos biográficos del autor en la contracubierta | ||
| 504 | _aBibliografía : p. 73 | ||
| 710 | 2 |
_aUniversidad Nacional Autónoma de México _942447 |
|
| 830 | 0 |
_aNuestros derechos _966667 |
|
| 999 |
_c39891 _d39891 |
||